Preparation and characterization of polymer-clay nanocomposites for specific applications (Record no. 65544)

MARC details
000 -LEADER
fixed length control field 00634nam a2200229Ia 4500
100 ## - MAIN ENTRY--AUTHOR NAME
Personal name Yehia A.A.
245 #0 - TITLE STATEMENT
Title Preparation and characterization of polymer-clay nanocomposites for specific applications
260 ## - PUBLICATION, DISTRIBUTION, ETC. (IMPRINT)
Name of publisher Kautschuk Gummi Kunststoffe
Year of publication 2009
300 ## - PHYSICAL DESCRIPTION
Number of Pages 580-588
650 ## - SUBJECT ADDED ENTRY--TOPICAL TERM
Topical Term Nanocomposites
650 ## - SUBJECT ADDED ENTRY--TOPICAL TERM
Topical Term Natural rubber
650 ## - SUBJECT ADDED ENTRY--TOPICAL TERM
Topical Term Synthetic rubber
650 ## - SUBJECT ADDED ENTRY--TOPICAL TERM
Topical Term Thermal ageing
650 ## - SUBJECT ADDED ENTRY--TOPICAL TERM
Topical Term Vulcanization
700 ## - ADDED ENTRY--PERSONAL NAME
Personal name Akelha A.M.
700 ## - ADDED ENTRY--PERSONAL NAME
Personal name el Nashar D.E.
700 ## - ADDED ENTRY--PERSONAL NAME
Personal name El-Sabbagh S.H.
700 ## - ADDED ENTRY--PERSONAL NAME
Personal name Koriem A.A.
700 ## - ADDED ENTRY--PERSONAL NAME
Personal name Rehab A.
942 ## - ADDED ENTRY ELEMENTS (KOHA)
Koha item type Journals
Holdings
Withdrawn status Lost status Damaged status Not for loan Home library Current library Date acquired Serial Enumeration / chronology Koha item type
      Journals RRII Library RRII Library 21/12/2009 Volume 62, Issue 11 Journals